Novinky v zákone o dani z príjmov od roku 2025

Rok 2025 prináša na Slovensku rozsiahle legislatívne úpravy v oblasti daní, ktoré ovplyvnia široké spektrum daňovníkov - od veľkých korporácií, malých a stredných podnikateľov, až po zamestnancov a investorov. Vláda v rámci konsolidačného balíčka zaviedla viacero opatrení, ktorých cieľom je stabiliz...

Descripción completa

Guardado en:
Detalles Bibliográficos
Autor principal: Želonka, Michal
Formato: Capítulo de libro
Lenguaje:eslovaco
Materias:
Etiquetas: Agregar Etiqueta
Sin Etiquetas, Sea el primero en etiquetar este registro!

MARC

LEADER 00000naa a2200000 4500
001 0307879
005 20250328092802.4
041 0 |a slo 
044 |a SK 
245 1 0 |a Novinky v zákone o dani z príjmov od roku 2025  |c Michal Želonka 
520 |a Rok 2025 prináša na Slovensku rozsiahle legislatívne úpravy v oblasti daní, ktoré ovplyvnia široké spektrum daňovníkov - od veľkých korporácií, malých a stredných podnikateľov, až po zamestnancov a investorov. Vláda v rámci konsolidačného balíčka zaviedla viacero opatrení, ktorých cieľom je stabilizácia verejných financií a reakcia na aktuálnu fiškálnu situáciu krajiny. 
610 2 0 |a dane z príjmov 
610 2 0 |a zákony 
610 2 0 |a legislatíva 
610 2 0 |a konsolidácia 
610 2 0 |a financie verejné 
610 2 0 |a ekonomika 
100 1 |a Želonka, Michal